[Event "21st EUR-ch"]
[Site "Reykjavik ISL"]
[Date "2021.08.30"]
[Round "5.20"]
[White "Abasov, Nijat"]
[Black "Budisavljevic, Luka"]
[Result "1-0"]
[WhiteElo "2656"]
[BlackElo "2495"]
[PlyCount "89"]
[EventDate "2021.08.26"]

1. e4 c5 2. Nf3 e6 3. d4 cxd4 4. Nxd4 Nc6 5. Nc3 Qc7 6. Be3 a6 7. g4 Nge7 8. Nb3 Ng6 9. Qd2 Nce5 10. Be2 b5 11. f4 Nc4 12. Bxc4 bxc4 13. Nd4 Rb8 14. O-O-O Qa5 15. Rdf1 Bb4 16. Nde2 Bb7 17. Qd4 O-O 18. h4 d6 19. a3 e5 20. Qxc4 Bxc3 21. Nxc3 exf4 22. Bxf4 Nxf4 23. Rxf4 Bc8 24. Nd5 Be6 25. Qd4 Bxd5 26. exd5 Rfe8 27. Re4 Rxe4 28. Qxe4 Qb5 29. Qd4 Qe2 30. Kb1 h6 31. g5 h5 32. Rc1 Rb5 33. Ka2 Rc5 34. c4 a5 35. a4 Kh8 36. Qf4 Kg8 37. Qxd6 Rxc4 38. Qb8+ Kh7 39. Qb5 Re4 40. Qxe2 Rxe2 41. Rd1 Re7 42. d6 Rd7 43. Kb3 Kg6 44. Kc4 Kf5 45. Kc5 1-0

[Event "21st EUR-ch"]
[Site "Reykjavik ISL"]
[Date "2021.09.01"]
[Round "7.7"]
[White "Romanov, Evgeny"]
[Black "Vocaturo, Daniele"]
[Result "1-0"]
[WhiteElo "2594"]
[BlackElo "2630"]
[PlyCount "51"]
[EventDate "2021.08.26"]

1. e4 c5 2. Nf3 d6 3. Bb5+ Nd7 4. d4 cxd4 5. Nxd4 Ngf6 6. O-O g6 7. Re1 Bg7 8. Bf1 O-O 9. c4 b6 10. Nc3 Bb7 11. Bg5 a6 12. Qd2 e6 13. Nb3 Nc5 14. Nxc5 bxc5 15. Rad1 Qb6 16. Qxd6 Qxb2 17. Na4 Qxa2 18. Nxc5 Bc8 19. Qc6 Rb8 20. h3 Qa5 21. e5 Ne8 22. Be7 Qb6 23. Qxb6 Rxb6 24. Nd7 Rc6 25. Nxf8 Bxf8 26. Rd8 1-0

[Event "21st EUR-ch"]
[Site "Reykjavik ISL"]
[Date "2021.09.01"]
[Round "7.13"]
[White "Abasov, Nijat"]
[Black "Ivic, Velimir"]
[Result "1/2-1/2"]
[WhiteElo "2656"]
[BlackElo "2571"]
[PlyCount "108"]
[EventDate "2021.08.26"]

1. e4 e5 2. Bc4 Nf6 3. d3 Nc6 4. Nc3 Bb4 5. Bg5 h6 6. Bxf6 Qxf6 7. Nge2 Na5 8. O-O Bxc3 9. Nxc3 Nxc4 10. dxc4 d6 11. Nd5 Qd8 12. Qh5 O-O 13. Rad1 f5 14. c5 fxe4 15. cxd6 cxd6 16. Qe2 Bf5 17. Qc4 Be6 18. Qxe4 Rc8 19. c4 Qd7 20. b3 Kh8 21. a4 Rf5 22. Rd2 Rcf8 23. f3 Rg5 24. Qe3 Bxd5 25. Rxd5 Rf6 26. Rf2 Qf5 27. Qe4 Qc8 28. Qd3 Qf8 29. Kf1 Rg4 30. Qe3 Rgf4 31. Rdd2 b6 32. Kg1 h5 33. h3 h4 34. a5 bxa5 35. c5 dxc5 36. Rd5 Qf7 37. Rxe5 a4 38. bxa4 Qg6 39. Qxc5 Rxa4 40. Rh5+ Kg8 41. Rg5 Qb1+ 42. Rf1 Qb6 43. Qxb6 axb6 44. Rc1 Kh7 45. Rc7 Rg6 46. Rxg6 Kxg6 47. Rc6+ Kf5 48. Rxb6 Ra1+ 49. Kh2 g5 50. Rb5+ Kf6 51. f4 gxf4 52. Rh5 f3 53. Rxh4 fxg2 54. Kxg2 Ke5 1/2-1/2

[Event "21st EUR-ch"]
[Site "Reykjavik ISL"]
[Date "2021.09.01"]
[Round "7.27"]
[White "Parligras, Mircea-Emilian"]
[Black "Gavrilescu, David"]
[Result "1-0"]
[WhiteElo "2591"]
[BlackElo "2477"]
[PlyCount "85"]
[EventDate "2021.08.26"]

1. d4 Nf6 2. c4 e6 3. Nc3 Bb4 4. e3 O-O 5. Bd3 d5 6. Nge2 dxc4 7. Bxc4 c5 8. a3 Bxc3+ 9. bxc3 Qc7 10. Ba2 b6 11. O-O Ba6 12. Bb2 Nc6 13. Rc1 Rfd8 14. c4 cxd4 15. exd4 Na5 16. d5 Bxc4 17. Bxf6 gxf6 18. Bxc4 Nxc4 19. Ng3 exd5 20. Nh5 Kh8 21. Re1 Qd6 22. Qd4 Ne5 23. Qf4 Rg8 24. Nxf6 Rg6 25. Nh5 Re8 26. Qd4 f6 27. Re3 Reg8 28. Nf4 Rg4 29. g3 Ng6 30. Nxg6+ R4xg6 31. Rce1 Rg4 32. Qd3 d4 33. Re6 Qd8 34. h3 R4g5 35. Kh2 Rh5 36. Qf3 Re5 37. R1xe5 fxe5 38. Qe4 Rg5 39. Qc6 Rg8 40. Rxe5 Qf8 41. Kg2 Rg6 42. Qe4 Qd6 43. Rd5 1-0

[Event "21st EUR-ch"]
[Site "Reykjavik ISL"]
[Date "2021.09.01"]
[Round "7.50"]
[White "Gretarsson, Helgi Ass"]
[Black "Gombocz, Ferenc jr"]
[Result "1-0"]
[WhiteElo "2447"]
[BlackElo "2191"]
[PlyCount "101"]
[EventDate "2021.08.26"]

1. e4 e5 2. Nf3 Nc6 3. Bb5 g6 4. c3 a6 5. Ba4 d6 6. d4 Bd7 7. O-O Bg7 8. Bg5 f6 9. Be3 Nh6 10. h3 Nf7 11. Bb3 O-O 12. dxe5 Ncxe5 13. Nxe5 fxe5 14. Bd5 Bc6 15. Bxc6 bxc6 16. Qa4 Qd7 17. Nd2 Nd8 18. Nc4 Qf7 19. Na5 c5 20. a3 Ne6 21. b4 cxb4 22. axb4 Bf6 23. Qc6 Rfb8 24. Rfd1 Bg5 25. Nc4 Nd8 26. Qd5 Qxd5 27. exd5 Be7 28. Ra4 Kf7 29. Nd2 Ke8 30. Rda1 Kd7 31. Rxa6 Rxa6 32. Rxa6 Rb5 33. Ra3 Nf7 34. Kf1 Bg5 35. Ke2 Ke8 36. Ra8+ Ke7 37. Ne4 Bxe3 38. fxe3 Nd8 39. g4 h6 40. h4 Rb6 41. Kd3 Rb5 42. Kc4 Rb7 43. Kb3 Rb5 44. c4 Rb7 45. b5 Rb6 46. Ka4 Rb7 47. Kb4 Rb6 48. Nc3 Rb7 49. Ka5 h5 50. g5 Kd7 51. Na4 1-0

[Event "21st EUR-ch"]
[Site "Reykjavik ISL"]
[Date "2021.09.01"]
[Round "7.58"]
[White "Pappelis, Dimitrios"]
[Black "Unuk, Laura"]
[Result "1-0"]
[WhiteElo "2160"]
[BlackElo "2407"]
[PlyCount "127"]
[EventDate "2021.08.26"]

1. c4 e6 2. Nc3 d5 3. d4 c6 4. e4 dxe4 5. Nxe4 Bb4+ 6. Nc3 e5 7. Be3 Qa5 8. Nge2 Nf6 9. a3 Be7 10. h3 O-O 11. Qc2 Be6 12. dxe5 Qxe5 13. Nd4 Rd8 14. Nxe6 Qxe6 15. Be2 Nbd7 16. O-O Bd6 17. Rfe1 Qe5 18. g3 Qe6 19. Kg2 Ne5 20. Ne4 Nxe4 21. Qxe4 f5 22. Qc2 Bc7 23. Bf4 Qf6 24. Rad1 c5 25. Bxe5 Bxe5 26. Bf3 Bd4 27. Bd5+ Kh8 28. Re6 Qf8 29. Rde1 Rab8 30. b3 b6 31. Re7 Re8 32. Rxe8 Rxe8 33. Qxf5 g6 34. Qxf8+ Rxf8 35. f4 Bf6 36. Kf3 Kg7 37. Re6 Rf7 38. Rc6 Re7 39. g4 Bd4 40. g5 Re3+ 41. Kg4 Rxb3 42. Rc7+ Kf8 43. Rf7+ Ke8 44. Rxh7 Rxa3 45. Bf7+ Ke7 46. Bxg6+ Kd6 47. Be8 a6 48. Kf5 Re3 49. Rd7+ Kc6 50. Rxd4+ Rxe8 51. Re4 Rh8 52. g6 b5 53. g7 Ra8 54. Kf6 b4 55. Kf7 a5 56. g8=Q Rxg8 57. Kxg8 a4 58. f5 b3 59. f6 b2 60. Re1 a3 61. f7 a2 62. f8=Q a1=Q 63. Re6+ Kb7 64. Qf7+ 1-0

[Event "21st EUR-ch"]
[Site "Reykjavik ISL"]
[Date "2021.09.01"]
[Round "7.65"]
[White "Butenandt, Svenja"]
[Black "Kanyamarala, Trisha"]
[Result "0-1"]
[WhiteElo "2036"]
[BlackElo "2180"]
[PlyCount "62"]
[EventDate "2021.08.26"]

1. d4 Nf6 2. c4 e6 3. Nc3 Bb4 4. e3 O-O 5. Nge2 Re8 6. a3 Bf8 7. e4 d5 8. e5 Nfd7 9. cxd5 exd5 10. f4 c5 11. Be3 Nc6 12. g3 cxd4 13. Bxd4 Nc5 14. Bg2 Bg4 15. Bf2 d4 16. Bxd4 Nxd4 17. Qxd4 Nd3+ 18. Kf1 Bc5 19. Qxd8 Raxd8 20. Ne4 Bb6 21. N2c3 Nxb2 22. Nd6 Rxd6 23. exd6 Nc4 24. Ra2 Ne3+ 25. Ke1 Nxg2+ 26. Kd2 Ba5 27. Kc1 Bxc3 28. Rxg2 Bf3 29. d7 Rd8 30. Rc2 Bxh1 31. Rxc3 Bc6 0-1

[Event "21st EUR-ch"]
[Site "Reykjavik ISL"]
[Date "2021.09.01"]
[Round "7.74"]
[White "Omarsson, Adam"]
[Black "Johannsdottir, Johanna Bjorg"]
[Result "0-1"]
[WhiteElo "1546"]
[BlackElo "2019"]
[PlyCount "58"]
[EventDate "2021.08.26"]

1. d4 Nf6 2. c4 e6 3. Nc3 Bb4 4. f3 c5 5. d5 b5 6. e4 O-O 7. a3 Ba5 8. e5 Ne8 9. d6 bxc4 10. Bxc4 Qh4+ 11. g3 Qxc4 12. Nge2 Nc6 13. f4 Nd4 14. O-O Bb7 15. Nxd4 cxd4 16. Qa4 Qc6 17. Qxc6 Bxc6 18. Nd1 g6 19. Nf2 Ng7 20. Rd1 Nf5 21. b4 Bb6 22. a4 a6 23. Ng4 Kg7 24. Ra3 d3+ 25. Nf2 Nd4 26. Rdxd3 Ne2+ 27. Kf1 Nxc1 28. Rdc3 Rfc8 29. Ke1 Bd5 0-1

[Event "21st EUR-ch"]
[Site "Reykjavik ISL"]
[Date "2021.09.01"]
[Round "7.75"]
[White "Kjartansson, Matthias Bjorgvin"]
[Black "Petursson, Gudni"]
[Result "0-1"]
[WhiteElo "1389"]
[BlackElo "1988"]
[PlyCount "90"]
[EventDate "2021.08.26"]

1. d4 Nf6 2. c4 e6 3. Nc3 Bb4 4. Qc2 O-O 5. Bg5 d5 6. cxd5 exd5 7. e3 c6 8. Bd3 h6 9. Bh4 Be6 10. Nge2 Nbd7 11. O-O Re8 12. Nf4 Bd6 13. Bg3 Nf8 14. Rfe1 Qd7 15. Rad1 Rad8 16. a3 Qc7 17. Nxe6 Nxe6 18. Bxd6 Qxd6 19. h3 Re7 20. Ne2 Rde8 21. Bf5 Ng5 22. Ng3 Qd8 23. Kh1 Qc7 24. Bd3 Nge4 25. Nxe4 Nxe4 26. Bxe4 Rxe4 27. Rc1 Qe7 28. Rf1 Qg5 29. Qd1 R8e6 30. Rc3 Rg6 31. Qf3 Rh4 32. Kh2 Re4 33. b4 a6 34. a4 Qe7 35. g3 Qxb4 36. Rfc1 Qxa4 37. Rb1 b5 38. Qf5 Ree6 39. Rbb3 b4 40. Qc2 Ref6 41. Rc5 Rxf2+ 42. Qxf2 Qxb3 43. Ra5 Qd3 44. Ra2 Rf6 45. Qe1 b3 0-1

[Event "21st EUR-ch"]
[Site "Reykjavik ISL"]
[Date "2021.09.02"]
[Round "8.57"]
[White "Sylvan, Jacob"]
[Black "Player, Edmund"]
[Result "1-0"]
[WhiteElo "2307"]
[BlackElo "2172"]
[PlyCount "133"]
[EventDate "2021.08.26"]

1. d4 d5 2. c4 dxc4 3. Qa4+ Nd7 4. Nf3 Ngf6 5. Nc3 e6 6. e4 Be7 7. Bxc4 c6 8. Qc2 b5 9. Bd3 b4 10. Na4 c5 11. Nxc5 Nxc5 12. dxc5 Qa5 13. c6 Ba6 14. O-O Rc8 15. e5 Nd5 16. Bxa6 Qxa6 17. Nd4 Qb6 18. Qe4 Bc5 19. Nf3 Ne7 20. Bd2 Qxc6 21. Qg4 O-O 22. Rac1 a5 23. h4 Nf5 24. b3 Rfd8 25. Rc4 Qb6 26. Qe4 Ng3 27. Qc2 Nxf1 28. Kxf1 Rd5 29. Ng5 g6 30. Be3 Rxe5 31. Ne4 Rxe4 32. Qxe4 Rc7 33. Qc2 Bxe3 34. Rxc7 Bf4 35. Rc8+ Kg7 36. g3 Be5 37. Qc4 Qb7 38. Qc6 Qe7 39. Kg2 Qf6 40. Ra8 Bd4 41. Qf3 Qe5 42. Rd8 Bb6 43. Rd7 Qf5 44. g4 Qf6 45. Qxf6+ Kxf6 46. g5+ Kg7 47. Rb7 Bd8 48. Kf3 h6 49. gxh6+ Kxh6 50. Rxf7 Bxh4 51. Rf8 Kg7 52. Ra8 Be7 53. Rxa5 Kf6 54. Ke4 g5 55. Kf3 Kg6 56. Kg4 Kf7 57. Re5 Bf6 58. Rb5 Be7 59. Kf3 Kf6 60. Ke4 Bd6 61. Kd4 g4 62. Kc4 e5 63. Kd5 Be7 64. Ke4 Bd6 65. Rb6 Ke6 66. Ra6 Kd7 67. Kd5 1-0

[Event "21st EUR-ch"]
[Site "Reykjavik ISL"]
[Date "2021.09.03"]
[Round "9.12"]
[White "Nguyen Thai Dai Van"]
[Black "Vocaturo, Daniele"]
[Result "0-1"]
[WhiteElo "2588"]
[BlackElo "2630"]
[PlyCount "76"]
[EventDate "2021.08.26"]

1. d4 Nf6 2. c4 e6 3. Nc3 Bb4 4. e3 b6 5. Nge2 Ne4 6. Bd2 Nxd2 7. Qxd2 Bb7 8. a3 Be7 9. d5 O-O 10. g3 Na6 11. Rd1 c5 12. Bg2 d6 13. O-O e5 14. f4 Bf6 15. Ne4 Bc8 16. N2c3 exf4 17. Nxf6+ Qxf6 18. gxf4 Bg4 19. Rde1 Nc7 20. Ne4 Qg6 21. Kh1 Rae8 22. Nf2 f5 23. Rg1 Qh5 24. h3 Bf3 25. Kh2 Re7 26. Nh1 Bxg2 27. Rxg2 Ne8 28. Rg5 Qh4 29. Qf2 Qxf2+ 30. Nxf2 g6 31. b4 Nf6 32. bxc5 bxc5 33. Rg2 Rb8 34. e4 Nh5 35. Rgg1 Rb2 36. Rgf1 Nxf4 37. Kg3 Rxf2 38. Rxf2 Nd3 0-1

[Event "21st EUR-ch"]
[Site "Reykjavik ISL"]
[Date "2021.09.03"]
[Round "9.17"]
[White "Sanal, Vahap"]
[Black "Ter-Sahakyan, Samvel"]
[Result "1-0"]
[WhiteElo "2557"]
[BlackElo "2624"]
[PlyCount "113"]
[EventDate "2021.08.26"]

1. e4 c5 2. Nf3 d6 3. Bb5+ Nd7 4. c3 Ngf6 5. Qe2 a6 6. Ba4 b5 7. Bc2 e5 8. d4 Be7 9. O-O O-O 10. d5 Nb6 11. b3 Bd7 12. c4 Qc7 13. Nc3 b4 14. Nd1 a5 15. Ne1 a4 16. Rb1 axb3 17. axb3 Ra2 18. Bb2 Bg4 19. f3 Bc8 20. g3 Re8 21. Rc1 Bf8 22. Bb1 Ra7 23. Ne3 Qd8 24. Nd3 g6 25. Rce1 Bg7 26. g4 Nbd7 27. h4 h5 28. Qg2 Nf8 29. Rf2 Rae7 30. Nc1 hxg4 31. fxg4 Qd7 32. Nf5 gxf5 33. exf5 N8h7 34. Ne2 Kh8 35. g5 Rg8 36. Kh1 Qd8 37. gxf6 Bxf6 38. Qf3 Ree8 39. Qh5 e4 40. Bc1 Re5 41. Ref1 Bd7 42. Rf4 e3 43. R4f3 Rg7 44. Rh3 Qg8 45. Bb2 Rg2 46. Qf3 Rf2 47. Rxf2 exf2 48. Bxe5 Bxe5 49. Qxf2 Nf6 50. Qg1 Ng4 51. Rf3 Qg7 52. Qg2 Bc8 53. Nf4 Nf6 54. Qg5 Bd7 55. Rf2 Nh7 56. Qd8+ Nf8 57. Ne6 1-0

[Event "21st EUR-ch"]
[Site "Reykjavik ISL"]
[Date "2021.09.04"]
[Round "10.81"]
[White "Gudnyjarson, Sigurdur Pall"]
[Black "Hreinsson, Johann Helgi"]
[Result "0-1"]
[WhiteElo "1207"]
[BlackElo "1195"]
[PlyCount "40"]
[EventDate "2021.08.26"]

1. d4 Nf6 2. c4 e6 3. Nc3 b6 4. e4 Bb4 5. Qc2 d5 6. Qa4+ Nc6 7. Qxc6+ Bd7 8. Qb7 a5 9. c5 Nxe4 10. Nge2 bxc5 11. f3 Nd6 12. Qxa8 Qxa8 13. dxc5 Bxc5 14. Bf4 Bb6 15. O-O-O O-O 16. Nd4 Re8 17. Ndb5 Bxb5 18. Bxb5 Nxb5 19. Nxb5 Qc6+ 20. Nc3 d4 0-1